000 00675nam a2200193 i 4500
001 75603
003 ES-MaACL
005 20230906172523.0
007 t|
008 040927s1981 sp ||||1| spa d
100 1 _aGual Camarena, Miguel.
_960285
245 1 3 _aEl primer manual hispánico de mercadería
_b: (siglo XIV) /
_cMiguel Gual Camarena.
260 _aBarcelona :
_bInstituto de Geografía, Etnología e Historia,
_c1981.
300 _aX, 323 p., 5 lám. ;
_c24 cm.
490 1 _aAnuario de estudios medievales. Anejo ;
_v10
830 0 _aAnuario de estudios medievales. Anejo ;
_v10
_9231258
852 _aES-MaACL
_jL-2218
_bR.102654
999 _c75603
_d75603